Statistiques concernant Culture Générale - Série 32

Cliquez ici pour prendre le quiz!

Statistiques générales

  • Ce quiz a été pris 1 348 fois
  • Le résultat moyen est 6 sur 10

Statistiques - réponses

QuestionRéponse% Correct
De quel pays Nelson Mandela a-t-il été élu Président en 1994 ?Afrique du Sud
95%
Quel mot désigne l'élevage des abeilles?Apiculture
86%
Que tient la statue de la liberté dans sa main droite ?Torche
85%
Quel mot désigne l'élevage des huitres?Ostréiculture
68%
Le saturnisme est une maladie due à une intoxication au :Plomb
57%
Dans quel pays se déroule le tournoi de tennis de Flushing Meadow ?Etats Unis
54%
Quel autre nom donne-t-on aux globules blancs ?Leucocytes
39%
Comment s'appelle cette maladie infectieuse provoquée par le bacille de Koch ?Tuberculose
34%
Quel mot désigne l'élevage des lapins?Cuniculture
24%
Quel mot désigne l'élevage des oiseaux ?Aviculture
20%

Distribution des résultats

Percentile par nombre de réponses

% des personnes avec chaque résultat

Votre développement - résultats

Vous n’avez pas pris ce quiz